|
|
|
|
| LEADER |
00000nam0a2200000 4500 |
| 001 |
302901 |
| 005 |
20231101005742.0 |
| 020 |
|
|
|a RU
|b 83-19174
|
| 035 |
|
|
|a (RuTPU)RU\TPU\book\328118
|
| 090 |
|
|
|a 302901
|
| 100 |
|
|
|a 20150827d1983 km y0rusy5003 ca
|
| 101 |
0 |
|
|a rus
|
| 102 |
|
|
|a RU
|
| 105 |
|
|
|a y z 001zy
|
| 200 |
1 |
|
|a Управление на угольных предприятиях качеством труда, процессов и продукции
|f Г. С. Рахутин, С. Ц. Голод
|
| 210 |
|
|
|a Москва
|c Недра
|d 1983
|
| 215 |
|
|
|a 240 с.
|c ил.
|
| 225 |
1 |
|
|a Надежность и качество
|
| 320 |
|
|
|a Библиогр.: с. 238-239
|
| 606 |
1 |
|
|a Уголь
|x Качество
|2 stltpush
|3 (RuTPU)RU\TPU\subj\62464
|
| 610 |
1 |
|
|a угольная промышленность, предприятия
|
| 610 |
1 |
|
|a управление
|
| 610 |
1 |
|
|a труд
|
| 610 |
1 |
|
|a продукция
|
| 610 |
1 |
|
|a методы
|
| 610 |
1 |
|
|a модели
|
| 675 |
|
|
|a 622.333.012:658.56
|z rus
|v 3
|
| 700 |
|
1 |
|a Рахутин
|b Г. С.
|g Григорий Семенович
|4 070
|
| 701 |
|
1 |
|a Голод
|b С. Ц.
|g Семен Цалерович
|4 070
|
| 801 |
|
0 |
|a RU
|b RuMRKP
|c 19950704
|g psbo
|
| 801 |
|
1 |
|a RU
|b 63413507
|c 20150827
|
| 801 |
|
2 |
|a RU
|b 63413507
|c 20190621
|g RCR
|
| 942 |
|
|
|c BK
|